[Event "Mumbai Mayors Cup 1st"]
[Site "Mumbai"]
[Date "2008.05.15"]
[Round "6"]
[White "Vakil, Akhtara"]
[Black "Surya, Narayana M"]
[Result "0-1"]
[WhiteElo "2075"]
[BlackElo "1727"]
[PlyCount "108"]
[EventDate "2008.05.11"]
[EventType "swiss"]
[EventRounds "11"]
[EventCountry "IND"]
[SourceTitle "CBM 124 Extra"]
[Source "ChessBase"]
[SourceDate "2008.07.03"]
[SourceVersion "1"]
[SourceVersionDate "2008.07.03"]
[SourceQuality "1"]

1. Nf3 c5 2. g3 g6 3. Bg2 Bg7 4. 0-0 Nc6 5. c4 d6 6. Nc3 e5 7. d3 Nge7 8. Bg5 f6 9. Be3 Be6 10. Qb3 0-0 11. Nd5 Nxd5 12. cxd5 Na5 13. Qa4 Bxd5 14. Qh4 Be6 15. h3 Nc6 16. Nh2 Ne7 17. g4 Qd7 18. Qg3 Bd5 19. Be4 f5 20. gxf5 gxf5 21. Bh6 Rf7 22. Bf3 Kh8 23. Bg5 Bf6 24. h4 Bxg5 25. hxg5 Rg7 26. e4 Rag8 27. Kh1 Rxg5 28. Qh4 Bc6 29. Rg1 Rxg1+ 30. Rxg1 Rxg1+ 31. Kxg1 Qe6 32. Bh5 fxe4 33. dxe4 Ng8 34. Nf3 Be8 35. Bg4 Qg6 36. Kf1 Qxe4 37. Ng5 Qg6 38. Be2 h6 39. Ne4 a6 40. Nc3 Bc6 41. Bc4 Qg2+ 42. Ke2 d5 43. Bb3 c4 44. Bc2 Qg5 45. Qh2 Nf6 46. Ke1 d4 47. Qh3 dxc3 48. Qc8+ Qg8 49. Qf5 Qg1+ 50. Ke2 Qg4+ 51. f3 Qxf5 52. Bxf5 cxb2 53. Kd2 Bxf3 54. Kc3 Be4 0-1

[Event "Mumbai Mayors Cup 1st"]
[Site "Mumbai"]
[Date "2008.05.14"]
[Round "5"]
[White "Sabnis, Om"]
[Black "Vakil, Akhtara"]
[Result "0-1"]
[WhiteElo "1765"]
[BlackElo "2075"]
[PlyCount "100"]
[EventDate "2008.05.11"]
[EventType "swiss"]
[EventRounds "11"]
[EventCountry "IND"]
[SourceTitle "CBM 124 Extra"]
[Source "ChessBase"]
[SourceDate "2008.07.03"]
[SourceVersion "1"]
[SourceVersionDate "2008.07.03"]
[SourceQuality "1"]

1. d4 Nf6 2. c4 e6 3. Nf3 d5 4. e3 c5 5. Nc3 Nc6 6. cxd5 exd5 7. h3 Bd6 8. a3 0-0 9. dxc5 Bxc5 10. b4 Bb6 11. Be2 d4 12. exd4 Nxd4 13. 0-0 Nxe2+ 14. Qxe2 Re8 15. Qd1 Bf5 16. Bf4 Rc8 17. Rc1 Qxd1 18. Rfxd1 Bxf2+ 19. Kh2 h6 20. Nb5 Rxc1 21. Rxc1 Ne4 22. Rc7 g5 23. Nd6 Nxd6 24. Bxd6 Be4 25. Ne5 Bb6 26. Nd7 Bxc7 27. Nf6+ Kh8 28. Nxe8 Bxd6+ 29. Nxd6 Bd5 30. g3 Kg7 31. Nf5+ Kh7 32. Kg1 Be6 33. Nd6 b6 34. h4 Kg6 35. hxg5 hxg5 36. Kf2 f5 37. a4 Kf6 38. a5 Ke5 39. Nb5 bxa5 40. bxa5 a6 41. Nc7 Bc4 42. Ke3 Bf1 43. Kf2 Bd3 44. Ke3 Bc4 45. Ne8 Bb5 46. Nc7 Kd6 47. Na8 Kc5 48. Nc7 Bc4 49. Ne8 Ba2 50. Ng7 Bb1 0-1